| 000 | 00360cam a2200145ua 4500 | ||
|---|---|---|---|
| 020 |
_a81-7626-209-0 _cRs 550.00 |
||
| 041 |
_aeng _h |
||
| 082 |
_a650 _bSHA/GR |
||
| 100 | _aSharma, V K . | ||
| 245 |
_aGreeting wastelands / _cV K Sharma. |
||
| 260 |
_aNew Delhi : _bDeep and Deep Publications Pvt Ltd , _c2000. |
||
| 300 | _a297 ; . | ||
| 504 | _a | ||
| 942 | _cBK | ||
| 999 |
_c550 _d550 |
||